Эпигенетические преобразова­ния пород нефтегазоносных мезозойских отложений юго-востока Западной Сибири; Рациональное использование природных ресурсов Сибири

Podrobná bibliografie
Parent link:Рациональное использование природных ресурсов Сибири.— 1989.— С. 86-87
Hlavní autor: Столбова Н. Ф. Нэля Фeдоровна
Další autoři: Белозеров В. Б.
Shrnutí:В фонде НТБ ТПУ отсутствует
Jazyk:ruština
Vydáno: 1989
Témata:
Médium: Kapitola
KOHA link:https://koha.lib.tpu.ru/cgi-bin/koha/opac-detail.pl?biblionumber=596859

MARC

LEADER 00000naa0a2200000 4500
001 596859
005 20250123172352.0
035 |a (RuTPU)RU\TPU\tpu\19908 
035 |a RU\TPU\tpu\19405 
090 |a 596859 
100 |a 20110901d1989 k||y0rusy50 ca 
101 0 |a rus 
102 |a RU 
200 1 |a Эпигенетические преобразова­ния пород нефтегазоносных мезозойских отложений юго-востока Западной Сибири  |f Н. Ф. Столбова, В. Б. Белозеров 
333 |a В фонде НТБ ТПУ отсутствует 
463 |t Рациональное использование природных ресурсов Сибири  |o тезисы докладов научной конференции (Томск, 24-25 октября 1989 г.)   |v С. 86-87  |d 1989 
610 1 |a труды учёных ТПУ 
700 1 |a Столбова  |b Н. Ф.  |c российский геолог  |c доцент Томского политехнического университета  |f 1940-  |g Нэля Фeдоровна  |3 (RuTPU)RU\TPU\pers\26073  |4 070 
701 1 |a Белозеров  |b В. Б. 
801 1 |a RU  |b 63413507  |c 20100721 
801 2 |a RU  |b 63413507  |c 20110915  |g RCR 
942 |c BK